ბათუმის შოთა რუსთაველის სახელმწიფო უნივერსიტეტის ბიბლიოთეკა

საქართველოს ნაკრძალები. შრომათა კრებული (ბიბ.ჩანაწერი № 44594)

000 -LEADER
fixed length control field 00967nam a2200205Ia 4500
001 - CONTROL NUMBER
control field 11397
003 - CONTROL NUMBER IDENTIFIER
control field GE_BSU
008 - FIXED-LENGTH DATA ELEMENTS--GENERAL INFORMATION
fixed length control field 181216s||||||||xx |||||||||||||| ||und||
040 ## - CATALOGING SOURCE
Transcribing agency GE_BSU
080 ## - UNIVERSAL DECIMAL CLASSIFICATION NUMBER
Universal Decimal Classification number 502.17(479.22-761)
245 ## - TITLE STATEMENT
Title საქართველოს ნაკრძალები. შრომათა კრებული
245 ## - TITLE STATEMENT
Statement of responsibility, etc. მთ. რედ: ვ. გულისაშვილი. სარედ. კოლ. ნ. კეცხოველი, კ. მამისაშვილი. (პ./მ მდივანი) ლ. მათიკაშვილი და სხვ. მხატვ: გ. ნადირაძე
260 ## - PUBLICATION, DISTRIBUTION, ETC.
Place of publication, distribution, etc. თბილისი.
260 ## - PUBLICATION, DISTRIBUTION, ETC.
Name of publisher, distributor, etc. მეცნიერება.
260 ## - PUBLICATION, DISTRIBUTION, ETC.
Date of publication, distribution, etc. 1971
300 ## - PHYSICAL DESCRIPTION
Extent 268გვ.22სმ.
300 ## - PHYSICAL DESCRIPTION
Dimensions ილ. ცხრ.
653 ## - INDEX TERM--UNCONTROLLED
Uncontrolled term საქართველოს ნაკრძალები. შრომათა კრებული
942 ## - ADDED ENTRY ELEMENTS (KOHA)
Koha item type წიგნი
ეგზემპლარები
Withdrawn status Lost status Damaged status Not for loan Date acquired Barcode Date last seen Price effective from Koha item type
        2018-12-17 19626 2018-12-17 2018-12-17 წიგნი
        2018-12-17 19627 2018-12-17 2018-12-17 წიგნი
        2018-12-17 19628 2018-12-17 2018-12-17 წიგნი
        2018-12-17 19629 2018-12-17 2018-12-17 წიგნი
        2018-12-17 19630 2018-12-17 2018-12-17 წიგნი
        2018-12-17 19631 2018-12-17 2018-12-17 წიგნი
        2018-12-17 19632 2018-12-17 2018-12-17 წიგნი